LEADER 01747nam a2200361 a 4500 001 000000157934 003 CaOOAMICUS 005 20170119092738.0 008 170119s2017 ne u000 u ger r 020 $z9789004315334* 032 $aLibriCat 040 $aPUL$bita 082 04$a180 100 1 $aLakmann, Marie-Luise.$0(OLS)http://pul/name/79134 245 10$aPlatonici minores 1. Jh.v.Chr. - 2. Jh.n.Chr. :$bProsopographie Fragmente und Testimonien mit deutscher U?bersetzung /$cvon Marie-Luise Lakmann unter Mitarbeit von Dominic J. O'Meara ; Ubersetzungen von Matthias Baltes+, Erhard Pahnke+ Henner Thoss. 260 $aLeiden ;$aBoston :$bBrill,$c2017. 300 $aXIV, 824 p. ;$c25 cm. 490 1 $aPhilosophia antiqua ;$v145 504 $aContiene indicazioni bibliografiche. 650 4$aPlatonici.$0(OLS)http://pul/subject/1934 700 1 $aThoss, Henner.$0(OLS)http://pul/name/100843 700 1 $aO'Meara, Dominic J.,$d1948-$0(OLS)http://pul/name/30042 700 1 $aBaltes, Matthias.$0(OLS)http://pul/name/78661 700 1 $aPahnke, Erhard.$0(OLS)http://pul/name/100842 830 0$aPhilosophia antiqua ;$v145.$0(OLS)http://pul/title/2231 850 $aPUL 852 $aPUL$W1$xSL Filosofia 3$y81$m180 COLL 3.145$j181265$qDDC 21$B184399$CPULBib$Z2$F184399 $H128665 $81 941 1 $a9 996 $6020$z9789004315334*$9(OLS)http://pul/number/161777 996 $6082$a180$9(OLS)http://pul/classification/366 996 $6245$aPlatonici minores 1. Jh.v.Chr. - 2. Jh.n.Chr. :$bProsopographie Fragmente und Testimonien mit deutscher U?bersetzung$9(OLS)http://pul/title/197522 996 $6260$aLeiden ;$aBoston :$bBrill$9(OLS)http://pul/publisher/68781 LEADER 01488namaa2200349 i 4500 001 000000178094 003 CaOOAMICUS 005 20250925162011.0 007 tu 008 250925s1989 it 000 u ita r 020 $a88-10-50902-1* 040 $aPUL$bita$erda 082 0 $a248.142 245 00$aVocazioni dalla nostalgia alla profezia :$bl'animazione vocazionale alla prova del rinnovamento /$c[testo a cura di Amedeo Cencini] . 264 1$aBologna :$bEdizioni Dehoniane,$c[1989] 300 $a266 pagine ;$c18 cm 336 $atesto$btxt$2rdacontent 337 $asenza mediazione$bn$2rdamedia 338 $avolume$bnc$2rdacarrier 490 1 $aTestimoni 500 $aSupplemento a " Testimoni " , 20 (1989). 650 4$aObbedienza (voto).$0(OLS)http://pul/subject/25691 700 1 $aCencini, Amedeo,$cf.d.c.c.,$d1948-,$ecuratore.$0(OLS)http://pul/name/27380 830 0$aTestimoni.$0(OLS)http://pul/title/1239 850 $aPUL 852 $aPUL$W1$xDP1 Fondo Liberati$y125$m2 D 10$j131050$qFondi$B207105$CPULBib$Z2$F207105 $HLib165 $82 941 1 $a1 996 $6020$a88-10-50902-1*$9(OLS)http://pul/number/170601 996 $6082$a248.142$9(OLS)http://pul/classification/3294 996 $6245$aVocazioni dalla nostalgia alla profezia :$bl'animazione vocazionale alla prova del rinnovamento$9(OLS)http://pul/title/219648 996 $6264$aBologna :$bEdizioni Dehoniane$9(OLS)http://pul/publisher/48070